The noble scholar, jurist, historian


 His Excellency Dr. Abdul Wahhab bin Ibrahim Abu Sulaiman, may Allah have mercy on him.


 He was born in Umm Al-Qura in the year 1356 AH.

محمديات / (Record no. 13909)

MARC details
000 -LEADER
fixed length control field 01388cam a22003131a 4500
003 - CONTROL NUMBER IDENTIFIER
control field OSt
005 - DATE AND TIME OF LATEST TRANSACTION
control field 20260106122000.0
008 - FIXED-LENGTH DATA ELEMENTS--GENERAL INFORMATION
fixed length control field 260105q19001999xx a g 000 pdara c
040 ## - CATALOGING SOURCE
Original cataloging agency SA-JeALM
Language of cataloging ara
Transcribing agency SA-RiAUC
Description conventions rda
050 #4 - LIBRARY OF CONGRESS CALL NUMBER
Item number M84 1900z
082 04 - DEWEY DECIMAL CLASSIFICATION NUMBER
Classification number 811.062
Assigning agency SA-RiAUC
090 ## - LOCALLY ASSIGNED LC-TYPE CALL NUMBER (OCLC); LOCAL CALL NUMBER (RLIN)
Classification number (OCLC) (R) ; Classification number, CALL (RLIN) (NR) 811.062
Local cutter number (OCLC) ; Book number/undivided call number, CALL (RLIN) ع ك ر
100 1# - MAIN ENTRY--PERSONAL NAME
Personal name عكرمة، مصطفى،
Dates associated with a name 1943-
Relator term مؤلف.
245 10 - TITLE STATEMENT
Title محمديات /
Remainder of title قطرات شوق
Statement of responsibility, etc. تأليف مصطفى عكرمة ؛ مقدم محمد كريم لاحج، محمد نعيم عرقسوسي.
250 ## - EDITION STATEMENT
Edition statement الطبعة الاولى.
264 #1 - PRODUCTION, PUBLICATION, DISTRIBUTION, MANUFACTURE, AND COPYRIGHT NOTICE
Place of production, publication, distribution, manufacture دمشق :
Name of producer, publisher, distributor, manufacturer مصطفى عكرمة،
Date of production, publication, distribution, manufacture, or copyright notice 2000
300 ## - PHYSICAL DESCRIPTION
Extent 134 صفحة :
Dimensions 24 سم
336 ## - CONTENT TYPE
Content type term نص
Content type code txt
Source rdacontent
Materials specified كتاب
337 ## - MEDIA TYPE
Media type term بدون وسيط
Media type code n
Source rdamedia
500 ## - GENERAL NOTE
General note اهداء من المؤلف مصطفى عكرمة الى الشيخ رحمه الله بتاريخ 20 / 3 / 1424 هـ
600 07 - SUBJECT ADDED ENTRY--PERSONAL NAME
Personal name محمد (صلى الله عليه وسلم)،
Dates associated with a name 53 قبل الهجرة-11 هجري
Form subdivision شعر
Source of heading or term aucnm
650 #7 - SUBJECT ADDED ENTRY--TOPICAL TERM
Topical term or geographic name entry element السيرة النبوية
Form subdivision شعر
Source of heading or term aucsh
650 #7 - SUBJECT ADDED ENTRY--TOPICAL TERM
Topical term or geographic name entry element الشعر العربي الديني
Geographic subdivision سوريا
Chronological subdivision قرن 20
Source of heading or term aucsh
653 ## - INDEX TERM--UNCONTROLLED
Uncontrolled term الآداب.
700 1# - ADDED ENTRY--PERSONAL NAME
Personal name لاحج، محمد كريم
Relator term مقدم.
700 1# - ADDED ENTRY--PERSONAL NAME
Personal name عرقسوسي، محمد نعيم،
Dates associated with a name 1951-
Relator term مقدم.
942 ## - ADDED ENTRY ELEMENTS (KOHA)
Source of classification or shelving scheme Dewey Decimal Classification
Koha item type Books
Suppress in OPAC No
949 ## - LOCAL PROCESSING INFORMATION (OCLC)
a SA-JeALM
d 260105
u osman123
n 1
Holdings
Withdrawn status Lost status Source of classification or shelving scheme Damaged status Not for loan Collection Home library Current library Date acquired Total checkouts Full call number Barcode Date last seen Price effective from Koha item type
    Dewey Decimal Classification     اهداء DR AbdElwahab Library DR AbdElwahab Library 01/06/2026   811.062 ع ك ر 000022270 01/06/2026 01/06/2026 Books